000
00272nam a22001217a 4500
008
171228b xxu||||| |||| 00| 0 eng d
041
_a
eng
080
_a
610
100
_a
4
101
_a
SHM
245
_a
Clinical Management of Hypertension
_c
Moser, M
942
_2
udc
_c
BK
999
_c
39525
_d
39525